000 00435nam a2200157 i 4500
001 72608
003 ES-MaACL
005 20230906171506.0
007 t|
008 040902s1920 fr ||||1| fre d
100 1 _aGley, E.
_957437
245 1 0 _aQuatre leçons sur les sécrétions internes /
_cE. Gley.
260 _aParis :
_b[s.n.,
_c1920] (
_eBordeaux :
_fGounouilhou)
300 _a154 p. ;
_c20 cm.
852 _aES-MaACL
_jB-11778
999 _c72608
_d72608